Diseño, pensamiento y creación : encuentros reflexivos /

Detalles Bibliográficos
Autor principal: Patiño Barreto, Edgar (Autor)
Otros Autores: Mora Forero, Cira Inés, 1975- (Editor)
Formato: Electrónico eBook
Lenguaje:español
Publicado: Bogotá : Editorial UTADEO, [2021]
Materias:
Acceso en línea:Digitalia Hispánica

MARC

LEADER 00000nam a2200000Ii 4500
001 DIGEJTLOZ214
003 NyNyDIG
006 m o d
007 cr |||||||||||
008 250204s2021 ck ob 000 0 spa d
035 |a (OCoLC)1257071190 
040 |a DGITA  |b eng  |e rda  |e pn  |c DGITA 
020 |a 9789587253016  |q (ePub) 
020 |a 9789587253009  |q (digital) 
020 |z 9789587252996  |q (impreso) 
024 7 |a https://doi.org/10.21789/9789587252996  |2 doi 
050 1 4 |a TS171 ebook 
245 0 0 |a Diseño, pensamiento y creación :  |b encuentros reflexivos /  |c editora académica, Cira Inés Mora Forero ; Edgar Patiño Barreto [and 14 others]. 
264 1 |a Bogotá :  |b Editorial UTADEO,  |c [2021] 
300 |a 1 online resource. 
336 |a text  |b txt  |2 rdacontent 
337 |a computer  |b c  |2 rdamedia 
338 |a online resource  |b cr  |2 rdacarrier 
347 |a text file  |2 rdaft 
347 |b PDF 
504 |a Includes bibliographical references. 
588 0 |a Online resource; title from PDF title page (Digitalia, viewed February 4, 2025) 
650 0 |a Industrial design. 
650 0 |a New products  |x Management. 
700 1 |a Mora Forero, Cira Inés,  |d 1975-  |e editor. 
700 1 |a Patiño Barreto, Edgar,  |e author. 
791 2 |a Digitalia (Firm),  |e distributor. 
793 0 |g Digitalia eBook Collection:  |a Editorial Jorge Tadeo Lozano 
776 0 8 |i Print version:  |t Diseño, pensamiento y creación.  |d Bogotá : Editorial UTADEO, [2021]  |z 9789587252996 
856 4 0 |3 Digitalia Hispánica  |u https://www.digitaliapublishing.com/a/170599/ 
910 |a Premium collection: 2025